000 00588nam a22001817a 4500
003 UA-OsUOA
001 12856
007 ta
008 20050603b un ||||| |||| 00| 0 ukr d
100 _aМакогон Ю.
942 _cSA
040 _aUA-OsUOA
_cUA-OsUOA
_dUA-OsUOA
245 _aПерспективы региональной децентрализации и проблема открытости экономики Украины
300 _aС.43-47
955 _a0
773 0 _w0
_tЕкономіст
_dКиїв
_d2005
_g№4
650 7 _aЕкономіка України
_2UDC
999 _c299017
_d299017